00365nam a22001457a 450000500170000000800410001702000180005804000130007608200130008910000170010224500360011926000300015530000130018565000210019820260413182133.0260413b |||||||| |||| 00| 0 eng d a9789697834617 cPK-LaNCA a923bIBN aI. A. Rehman aA lifetime of dissent: a memoir aFolio BooksbLahorec2023 axi, 182p aIbn Abdur Rehman